Variantnosť využitia podnikateľskej metódy pri stanovení všeobecnej hodnoty podniku

Prípadová štúdia, ako môže subjektivizmus znalca, resp. rôzne prístupy k stanovovaniu jednotlivých koeficientov vstupujúcich do výpočtu všeobecnej hodnoty podniku prostredníctvom podnikateľskej metódy ovplyvniť výslednú hodnotu.

Salvato in:
Dettagli Bibliografici
Autore principale: Švejdová, Nikola
Altri autori: Kubica, Milan, 1958-
Natura: Capitolo di libro
Lingua:slovacco
Soggetti:
Tags: Aggiungi Tag
Nessun Tag, puoi essere il primo ad aggiungerne!!

MARC

LEADER 00000nla a2200000 4500
001 0222678
005 20240502073639.0
041 0 |a slo 
044 |a SK 
245 1 0 |a Variantnosť využitia podnikateľskej metódy pri stanovení všeobecnej hodnoty podniku  |c Nikola Švejdová, Milan Kubica 
520 |a Prípadová štúdia, ako môže subjektivizmus znalca, resp. rôzne prístupy k stanovovaniu jednotlivých koeficientov vstupujúcich do výpočtu všeobecnej hodnoty podniku prostredníctvom podnikateľskej metódy ovplyvniť výslednú hodnotu. 
610 2 0 |a hodnota 
610 2 0 |a znalci 
610 2 0 |a ohodnocovanie podniku 
610 2 0 |a kapitalizácia 
610 2 0 |a kapitál vlastný 
610 2 0 |a kapitál pôžičkový 
610 2 0 |a investície 
610 2 0 |a tržby 
610 2 0 |a odpisy 
100 1 |a Švejdová, Nikola 
700 1 |a Kubica, Milan, 1958-